Hamilton - Alexander Hamilton Lyrics - Statistics

General Stats
  • This quiz has been taken 972 times
  • The average score is 408 of 500
Answer Stats
Answer % Correct
a
99%
I
98%
do
97%
and
96%
And
96%
How
96%
the
96%
The
96%
of
95%
or
95%
does
94%
for
94%
in
94%
son
94%
be
93%
orphan,
93%
whore
93%
bastard,
92%
he
92%
He
92%
to
92%
Alex
91%
"Alex,
91%
Alexander
91%
father
90%
got
90%
Hamilton
90%
ten
90%
with
90%
him
89%
you
89%
by
88%
forgot
88%
his
88%
His
88%
is
88%
man
88%
man"
88%
man?"
88%
man?
88%
name.
88%
name,
88%
name
88%
Then
88%
up
88%
we
88%
We
88%
just
87%
Just
87%
middle
87%
spot
87%
but
86%
forgotten
86%
have
86%
I'm
86%
mother
86%
my
86%
wait,
86%
wait...
86%
wait!
86%
what
86%
When
86%
when
86%
your
86%
founding
85%
million
85%
There
85%
things
85%
without
85%
done
84%
dropped
84%
haven't
84%
Scotsman,
84%
they
84%
was
84%
What's
84%
Caribbean
83%
cousin,
83%
cousin
83%
hero
83%
lot
83%
new
83%
New
83%
smarter
83%
suicide
83%
there's
83%
There's
83%
being
82%
committed
82%
grow
82%
left
82%
workin',
82%
fourteen,
81%
nothin'
81%
quick
81%
scholar?
81%
went
81%
better
80%
came,
80%
can
80%
every
80%
harder
80%
Moved
80%
self-starter
80%
charge
79%
it
79%
it,
79%
tradin'
79%
working
79%
yourself."
79%
down
78%
gotta
78%
hurricane
78%
inside,
78%
inside
78%
on
78%
world
78%
farther
77%
from
77%
know
77%
land
77%
sick,
77%
something
77%
York
77%
day
76%
Me?
76%
me?
76%
shot
76%
slaves
76%
were
76%
drip,
75%
fend
75%
"Get
75%
get
75%
insane,
75%
late
75%
loved
75%
that
75%
"This
75%
trading
75%
voice
75%
charter
74%
died
74%
don't
74%
fool
74%
forget
74%
gonna
74%
mainland
74%
placed
74%
ruined
74%
said,
74%
see
74%
ten-dollar
74%
would
74%
away
73%
been
73%
brain
73%
collection
73%
drain
73%
dripping
73%
kid
73%
pride,
73%
send
73%
ship
73%
started
73%
while
73%
wrote
73%
are
72%
around,
72%
damn
72%
first
72%
fought
72%
future
72%
saw
72%
saying
72%
temple,
72%
connected
71%
full
71%
landlord
71%
never
71%
pencil
71%
readin'
71%
waiting
71%
as
70%
beg,
70%
dead
70%
mother's
70%
put
70%
shelf
70%
steal,
70%
took
70%
word
70%
afford
69%
borrow,
69%
can't
69%
education,
69%
refrain,
69%
sugar
69%
their
69%
will
69%
devastation
68%
hands
68%
now
68%
part
68%
ready
68%
sittin'
68%
testament
68%
America
67%
book
67%
brother
67%
cane
67%
half-dead
67%
if
67%
own
67%
years
67%
all
66%
bed-ridden
66%
guard
66%
kept
66%
split,
66%
thick
66%
time!
66%
wings
66%
less
65%
pain
65%
scent
65%
slaughtered
65%
someone
65%
two
65%
barter
64%
carted
64%
harbor
64%
longing
64%
trusted
64%
same
63%
squalor
63%
take
63%
across
61%
back
61%
immigrant
61%
overcame?
61%
providence
61%
sings
61%
struggled
61%
waves,
61%
whence
60%
bow
59%
comin'
59%
debt-ridden
59%
later,
59%
our
59%
rum
59%
Another
58%
bottom
58%
retreatin'
58%
astute
57%
destitute
57%
impoverished,
57%
reigned
57%
game?
54%
clerkin'
53%
learned
52%
restitution
52%
stands
52%
cent
50%
rewrote
50%
Well,
50%
could
47%
enemies
46%
treatise
46%
destroyed
45%
headed
44%
rep
43%
scammin'
43%
plannin'
42%
woulda
40%
No matching quizzes found
Score Distribution
Percent of People with Each Score
Percentile by Number Answered
Your Score History
You have not taken this quiz